[Event "Krasnodar-ch"]
[Site "Krasnodar"]
[Date "2006.08.02"]
[Round "8"]
[White "Ubushiev, Andrey"]
[Black "Egorov, Sergei"]
[Result "0-1"]
[WhiteElo "2213"]
[BlackElo "1995"]
[PlyCount "58"]
[EventDate "2006.07.28"]
[EventType "tourn"]
[EventRounds "11"]
[EventCountry "RUS"]
[SourceTitle "EXT 2008"]
[Source "ChessBase"]
[SourceDate "2007.11.25"]
[SourceVersion "1"]
[SourceVersionDate "2007.11.25"]
[SourceQuality "1"]

1. e4 c5 2. c3 d5 3. exd5 Qxd5 4. d4 Nf6 5. Nf3 e6 6. Na3 cxd4 7. Nb5 Qd8 8. Bf4 Nd5 9. Bxb8 Rxb8 10. Nbxd4 a6 11. Bd3 Bd6 12. 0-0 0-0 13. Re1 Re8 14. g3 g6 15. c4 Nb4 16. Be4 e5 17. Nb3 f5 18. Bb1 Nc6 19. a3 Be6 20. c5 Bf8 21. Ba2 e4 22. Qxd8 Rbxd8 23. Ng5 Bc4 24. Rac1 Bh6 25. Nxe4 fxe4 26. Rxc4 Ne5 27. Nd4 Kh8 28. Rd1 Nxc4 29. Bxc4 Bg7 0-1

[Event "RUS-ch sf"]
[Site "Ufa"]
[Date "1999.??.??"]
[Round "8"]
[White "Egorov, Sergei"]
[Black "Karnaukhova, Elmira"]
[Result "1-0"]
[WhiteElo "2242"]
[BlackElo "2029"]
[PlyCount "71"]
[EventDate "1999.04.??"]
[EventType "swiss"]
[EventRounds "11"]
[EventCountry "RUS"]
[SourceTitle "CBM 070 Extra"]
[Source "ChessBase"]
[SourceDate "1999.07.10"]
[SourceVersion "1"]
[SourceVersionDate "1999.07.10"]
[SourceQuality "1"]

1. f4 c5 2. Nf3 Nc6 3. g3 g6 4. Bg2 Bg7 5. 0-0 e6 6. d3 Nge7 7. c3 0-0 8. e4 d6 9. Kh1 Rb8 10. a4 a6 11. Be3 b5 12. axb5 axb5 13. d4 cxd4 14. cxd4 Na5 15. Qe2 Nc4 16. Bf2 Bd7 17. Nc3 Qc7 18. Rac1 Qa5 19. e5 d5 20. Ne1 b4 21. Nd1 Rfc8 22. Nd3 Bb5 23. Qe1 Nc6 24. Rg1 Bf8 25. g4 Qa2 26. f5 N4a5 27. Nc5 Bxc5 28. Rxc5 Nb3 29. Rxc6 Bxc6 30. Qe3 Kh8 31. Bh4 Rg8 32. Bf6+ Rg7 33. h4 Na5 34. h5 Nc4 35. Qg5 Nxb2 36. Qh6 1-0

[Event "RUS-ch sf"]
[Site "Ufa"]
[Date "1999.??.??"]
[Round "1"]
[White "Prokopchuk, Evgeny"]
[Black "Egorov, Sergei"]
[Result "1-0"]
[WhiteElo "2489"]
[BlackElo "2242"]
[PlyCount "92"]
[EventDate "1999.04.??"]
[EventType "swiss"]
[EventRounds "11"]
[EventCountry "RUS"]
[SourceTitle "CBM 070 Extra"]
[Source "ChessBase"]
[SourceDate "1999.07.10"]
[SourceVersion "1"]
[SourceVersionDate "1999.07.10"]
[SourceQuality "1"]

1. c4 f5 2. Nc3 Nf6 3. g3 g6 4. Bg2 Bg7 5. e3 0-0 6. Nge2 d6 7. 0-0 e5 8. d3 c6 9. b4 Be6 10. b5 d5 11. bxc6 Nxc6 12. cxd5 Nxd5 13. Rb1 Nxc3 14. Nxc3 Qd7 15. Qe2 Rac8 16. Ba3 Rfd8 17. Rfd1 b6 18. Rbc1 Na5 19. Bb4 Nb7 20. e4 Nd6 21. Ba3 Nb5 22. Nxb5 Qxb5 23. Bb2 Rxc1 24. Bxc1 Qa4 25. Bg5 Rd7 26. exf5 gxf5 27. Rc1 h6 28. Bc6 Qd4 29. Bxd7 Qxd7 30. Be3 Qf7 31. f4 Bxa2 32. fxe5 Bxe5 33. Bxb6 Bg7 34. Rc8+ Kh7 35. Rc7 Bd4+ 36. Kf1 Bxb6 37. Rxf7+ Bxf7 38. Qe5 Kg6 39. h4 h5 40. Qe7 Kg7 41. Ke2 Bd4 42. Qd7 Bb6 43. Qxf5 Kf8 44. g4 hxg4 45. Qxg4 a5 46. h5 a4 1-0